01143nam a2200193 a 450000100080000000500110000800800410001910000240006024501220008426000330020630000100023952005750024965000230082465000170084765000210086465000250088565000180091070000210092811342562024-01-09 2023 bl uuuu t 00u1 u #d1 aGOULART J??NIOR, R. aRelat??rio de projeto - Fruticultura CatarinensebIndicadores regionais econ??mico-produtivos.h[electronic resource] aFlorian??polis: Epagric2023 a83 p. aEste relat??rio foi elaborado com pesquisa descritiva a partir de pesquisa documental de dados do IBGE (Censo agropecu??rio), pain??is de produtividade do Observat??rio Agro Catarinense e dos resultados do levantamento de dados da Epagri/Cepa. Os dados foram analisados por frutas e nas regi??es da Epagri (UGTs), considerando o n??mero de produtores, ??reas total e colhida, produ????o, pre??o m??dio ao produtor na safra com estimativa de valor bruto da produ????o e produtividade m??dia por cultura e a sua evolu????o nas safras de 2014/15, 2017/18 e 2020(21)/21(22). aEconomia agr??cola aFruticultura aPre??o agr??cola aProdu????o agr??cola aSocioeconomia1 aREITER, J. M. W.